000 00532nam a22001817a 4500
008 110804t xxu||||| |||| 00| 0 eng d
020 _a978-2-10-050715-3
040 _aBUAC
_cCDIRSP
041 _aFr
100 _aRadon, Bernard
_917985
245 _aGuide du leadership
_b : progresser vers la fonction de dirigeant
_c / Bernard, Radon
300 _a246 p.
440 _a( STRATEGIES ET MANAGEMENT)
_917986
600 _aGarelli, Stéphane
_cPréf.
_917987
653 _aLeadership,
653 _aDirigeant
942 _cLIVR
999 _c49560
_d49560